Statistics for guess that marvel secret identity

Click here to take the quiz!

General Stats

  • This quiz has been taken 82 times
  • The average score is 11 of 15

Answer Stats

hero nameAnswer% Correct
iron mantony stark
99%
captain americasteve rogers
94%
spider manpeter parker
91%
hulkbruce banner
86%
hawkeyeclint barton
78%
winter soldierbucky barnes
77%
star lordpeter quill
77%
dr strangestephen strange
75%
black widownatasha romanoff
68%
scarlet witchwanda
65%
falconsam wilson
62%
mr fantasicreed richards
61%
ant manscott lang
59%
mrs fantasticsusan storm
45%
human torchjhonny storm
28%

Score Distribution

Percentile by Number Answered

Percent of People with Each Score

Your Score History

You have not taken this quiz